Responses for show #5857 - Tuesday, February 16, 2010

Contestants

[<< previous game]

Christy Brown, a residence hall director from Austin, Texas

Jeremy Apsley, a bartender from Cleveland, Ohio

Yevgeny Shrago, a research assistant originally from Rochester, New York (whose 1-day cash winnings total $24,600)

[next game >>]

Jeopardy! Round responses

COUNTRY OF ORIGIN
WOMEN'S SPORTS HISTORY
THE "S" FILES
SEWARD'S FOLLIES
ALASKA
ASSEMBLY LINE
(Alex: We're on the [*] at Ford's Dearborn truck plant. It's a lot different than in Henry's day.)
    $200 1
Italy

Christy
    $200 12
Annie Oakley

Jeremy
    $200 16
the shamrock

Jeremy
    $200 22
Russia

Yevgeny
    $200 6
Anchorage

Yevgeny
    $200 11
( Alex: We're on the assembly line at Ford's Dearborn Truck Plant. It's a lot different than in Henry's day )

welding

Christy
    $400 2
(Yevgeny: United States)

Germany

YevgenyJeremy
    $400 13
Little League (Baseball)

Yevgeny
    $400 17
a silhouette

Yevgeny
    $400 23
the Whigs

Yevgeny
    $400 7
British Columbia & the Yukon Territory

Christy
    $400 27
the Model T

Christy
    $600 3
France

Triple Stumper
    $1,600 14
Mary, Queen of Scots

Yevgeny
    $600 19
smallpox

Yevgeny
    $600 24
the underground railroad

Jeremy
    $600 8
the Aleutians

Yevgeny
    $600 28
Cash for Clunkers

Christy
    $800 4
Britain

Yevgeny
    $800 15
a bullfighter

Christy
    $800 20
(Jeremy: What is... saint...)

Sonora

YevgenyJeremy
    $800 25
Secretary of State

Yevgeny
    $800 9
the Bering Sea

Yevgeny
    $800 29
repetitive

Yevgeny
    $1000 5
Venezuela

Yevgeny
    $1000 18
(Babe Didrikson) Zaharias

Yevgeny
    $1000 21
the spectrum

Jeremy
    $1000 26
New York

Christy
    $1000 10
the National Wildlife Refuge

Yevgeny
    $1000 30
modular

Triple Stumper

Scores at the first commercial break (after clue 14):

Yevgeny Jeremy Christy
$6,000 $600 $800

Scores at the end of the Jeopardy! Round:

Yevgeny Jeremy Christy
$11,000 $1,600 $3,600

Double Jeopardy! Round responses

THE UNITED NATIONS
DIRECT TV
BOOK OF...
MEN OF SCIENCE
FOOD NAMED FOR PEOPLE
ANTONYMS
    $400 5
the Suez Canal

Jeremy
    $400 11
M*A*S*H

Jeremy
    $400 1
The Book of the Dead

Jeremy
    $400 16
(Jeremy: What is fingerprinting?)

DNA

JeremyChristy
    $400 26
Bibb

Christy
    $400 21
something old, something new

Yevgeny
    $800 6
olive branches

Jeremy
    $800 12
The West Wing

Jeremy
    $800 2
Daniel

Yevgeny
    $800 17
[ERRATUM: The correct spelling is "Hofmann".]

LSD

Jeremy
    $800 27
fettucine Alfredo

Jeremy
    $800 22
release

Yevgeny
    $1200 7
the World Court

Jeremy
    $1200 13
Two and a Half Men

Christy
    $3,800 3
The Book of Mormon

Yevgeny
    $1200 18
liquid oxygen

Yevgeny
    $1200 28
Salisbury

Yevgeny
    $1200 23
St. James the Greater

Triple Stumper
    $1600 8
(Christy: What is Kosovo?)

Montenegro

YevgenyChristy
    $1600 14
Lost

Christy
    $1600 4
The Book of Martyrs

Christy
    $1600 19
(Alex: And his name was [*], hence the Dewar flask.)

James Dewar

Triple Stumper
    $1600 29
(Nellie) Melba

Jeremy
    $1600 24
sane

Christy
    $2000 10
San Francisco

Yevgeny
    $2000 15
Big Bang Theory

Yevgeny
    $2000 9
(Christy: What is the cor--courtesan?)

(the) Courtier

YevgenyChristy
    $2000 20
(Christy: [In a fine Austrian accent] Who is [*]?)

Schrödinger

Christy
    $5,000 30
Carpaccio

Jeremy
    $2000 25
suddenly

Jeremy

Scores at the end of the Double Jeopardy! Round:

Yevgeny Jeremy Christy
$26,800 $15,400 $8,800

[wagering suggestions for these scores]

Final Jeopardy! Round responses

THE AFI's 50 GREATEST FILM HEROES
(Alex: --American Film Institute's--)
ChristyWho is E.T.?
$6,601
JeremyWho is Lassie?
$15,000
YevgenyWho is E.T.?
$4,001
Lassie

Final scores:

Yevgeny Jeremy Christy
$22,799 $30,400 $2,199
2nd place: $2,000 New champion: $30,400 3rd place: $1,000

Game dynamics:

Coryat scores:

Yevgeny Jeremy Christy
$23,200 $12,400 $8,800
26 R
(including 2 DDs),
1 W
16 R
(including 1 DD),
2 W
14 R,
2 W

Combined Coryat: $44,400

The J! Archive is created by fans, for fans. The Jeopardy! game show and all elements thereof, including but not limited to copyright and trademark thereto, are the property of Jeopardy Productions, Inc. and are protected under law. This website is not affiliated with, sponsored by, or operated by Jeopardy Productions, Inc. Join the discussion at JBoard.tv.